1385 1369 1016 1591 1595 1661 1406 1992 1883 1569 1535 1550 1974 1962 1580 1670 1449 1672 1078 1377 1267 1412 1184 1176 1512 1348 1583 1136 1563 1421 1769 1108 1130 1683 1043 1882 1097 1984 1698 1350 1907 1256 1597 1045 1492 1303 1557 1478 1192 1896 1220 1547 1070 1600 1691 1978 1649 1086 1627 1405 1598 1379 1121 1843 1017 1550 1516 1555 1627 1354 1105 1916 1566 2000 1133 1313 1113 1887 1549 1549 1469 1804 1195 1571 1514 1140 1257 1374 1056 1017 1779 1922 1021 1127 1538 1136 1776 1992 1298 BCNSPRNW ULIB Ver.6.0+V

เปลี่ยนเป็นภาษาไทย

Change to English
 แสดงรายละเอียดบรรณานุกรม
  กลับหน้าหลัก

Brief Record : Get Marc (ISO 2709) : E-mail record : QR code < ปิดหน้าต่าง
LEADER : 00000nam 2200000uu 4500
001    13399111912
003     ULIB
008    110627s2551||||th 000 0 tha d
020    9789746906197
090    นว.^bพ273ค 2551
100 0  พรรรวดี
245 00 คุณหนูปากร้ายกันนายเก็บกด/^cพรรรวดี
260    กรุงเทพฯ :^bดอกหญ้า,^c2551
300    200 หน้า
945    ^p139^l0^i023621
995    ทศพร
999 ^a ใช้งานได้ทุกระบบ
รายการนี้ยังไม่มีแท็ก
คุณยังไม่ได้ล็อกอิน คุณสามารถมีกิจกรรมร่วมกับเว็บไซต์ได้ แต่ต้องล็อกอินก่อน ::
  ล็อกอิน

รายการสื่อสารสนเทศ

ลำดับที่ ประเภท เลขเรียก/บาร์โค้ด สถานที่ สถานะ
- ไม่พบข้อมูล -

BibComment


ยังไม่เคยถูกคอมเมนท์

คอมเมนท์ทรัพยากรรายการนี้
  คอมเมนท์: คุณหนูปากร้ายกันน..


 Copyright 2026. Bcnsprnw @Library